Supreme Court on Rarest of Rare Cases/ (Record no. 196719)

MARC details
000 -LEADER
fixed length control field 00571nam a22001817a 4500
005 - DATE AND TIME OF LATEST TRANSACTION
control field 20230721153518.0
010 ## - LCCN (DPL NO)
LC control number ENG-137514
020 ## - INTERNATIONAL STANDARD BOOK NUMBER
Terms of availability 260.00
International Standard Book Number 9789350350027
035 ## - SYSTEM CONTROL NUMBER
System control number EN-121046
037 ## - SOURCE OF ACQUISITION
Source of stock number/acquisition DBAD/PUB
082 ## - DEWEY DECIMAL CLASSIFICATION NUMBER
Classification number 364.66095
100 ## - MAIN ENTRY--PERSONAL NAME
Personal name Das, P.K.
245 ## - TITLE STATEMENT
Title Supreme Court on Rarest of Rare Cases/
Statement of responsibility, etc by P.K.Das
260 ## - PUBLICATION, DISTRIBUTION, ETC. (IMPRINT)
Place of publication, distribution, etc Delhi
Name of publisher, distributor, etc Universal Law Publishing Co. Pvt. Ltd.
Date of publication, distribution, etc 2011
270 ## - ADDRESS
Address C-FF-1A, Dilkhush Industrial Estate, G.T. Karnal Road
City Delhi
Postal code 110033
300 ## - PHYSICAL DESCRIPTION
Extent 243;p.
Dimensions 24cm(pbk)
942 ## - ADDED ENTRY ELEMENTS (KOHA)
Source of classification or shelving scheme Dewey Decimal Classification
Item type English Books
Classification part 364.660954
Call number suffix DAS
Holdings
Withdrawn status Lost status Not for loan Collection code Home library Current library Date acquired Source of acquisition Cost, normal purchase price Full call number Barcode Copy number Cost, replacement price Koha item type
    Not For Loan Non-fiction D.B.Act.Division D.B.Act.Division 21/07/2023 DBAD/PUB 260.00 364.660954 DAS EN-121046 1 260.00 English Books

© Delhi Public Library
Hit Counter
free hit counter